000 00474nam a2200181Ia 4500
001 20026
005 20260306172736.0
008 260306t2012||||xx |||||||||||||| ||spa||
041 _aESP
082 _a342.211
_bC17
100 _aCalvet da Silveira, Carlos Frederico Gurgel
_eAUT
245 2 _aA arte de ensinar a estudar o direito:
_bmediar, sensibilizar, humanizar
260 _c2012
300 _a
_c
650 _aGEN
654 _aCDE
942 _cLIB
_dJUS
_fJUS
_2ddc
_n
999 _c20026
_d20026